000
00312nam a2200133Ia 4500
008
220216s9999 xx 000 0 und d
100
_a
de Boer G
245
0
_a
Tennis on rubber asphalt
260
_b
Rubber Developments
_c
1952
300
_a
27-29
650
_a
Rubber asphalt
650
_a
Tennis
942
_c
JS
999
_c
70376
_d
70376